000
00302nam a2200121Ia 4500
008
230907s9999||||xx |||||||||||||| ||und||
082
_a
158
_b
BEN
100
_a
Ben-Shahar, Tal.
_9
115598
245
0
_a
Being happy :
260
_a
McGraw-Hill,
_b
New York :
_c
2011
300
_a
xxv, 246 p. ;
942
_c
BK
999
_c
598919
_d
598919